[Event "Mittelrhein Verbandsliga Nord 1920"]
[Site "Mittelrhein"]
[Date "2020.01.19"]
[Round "5.3"]
[White "Loetzerich, Rolf"]
[Black "Maciag, David"]
[Result "1-0"]
[WhiteElo "1915"]
[BlackElo "1924"]
[PlyCount "89"]
[EventDate "2019.09.29"]
[EventType "team-tourn"]
[EventRounds "9"]
[EventCountry "GER"]
[SourceTitle "EXT 2023"]
[Source "ChessBase"]
[SourceDate "2022.10.05"]
[SourceVersion "1"]
[SourceVersionDate "2022.10.05"]
[SourceQuality "1"]
[WhiteTeam "Eikamp Freibauer"]
[BlackTeam "Monheim/Baumberg"]
[WhiteTeamCountry "GER"]
[BlackTeamCountry "GER"]

1. d4 Nf6 2. c4 e6 3. Nf3 Bb4+ 4. Bd2 c5 5. Bxb4 cxb4 6. Nbd2 b6 7. e3 Bb7 8. Be2 0-0 9. 0-0 d6 10. Rc1 Nbd7 11. Qa4 a5 12. a3 bxa3 13. Qxa3 Qb8 14. Rfd1 Rc8 15. h3 h6 16. Nh2 Re8 17. Bf3 Bxf3 18. Nhxf3 e5 19. dxe5 dxe5 20. Nb1 Nc5 21. Nc3 e4 22. Nd4 Qe5 23. Ndb5 Rad8 24. Rd4 Nd3 25. Rc2 Rxd4 26. Nxd4 Qg5 27. Nxe4 Nxe4 28. Qxd3 g6 29. Qe2 a4 30. Rc1 Nc5 31. Rd1 h5 32. Qf3 Re4 33. Nb5 Qe7 34. Rd4 Kg7 35. Qd1 Nb3 36. Rd7 Qf6 37. Nd6 Re7 38. Rxe7 Qxe7 39. Qd5 f5 40. Qc6 Qa7 41. Nc8 Qa5 42. Qc7+ Kh8 43. Qd8+ Kg7 44. Qe7+ Kg8 45. Qf6 1-0

[Event "Mittelrhein Verbandsliga-N 18/19"]
[Site "Nordrheinwestfalen"]
[Date "2018.10.28"]
[Round "3.3"]
[White "Loetzerich, Rolf"]
[Black "Heckoetter, Christian"]
[Result "1/2-1/2"]
[WhiteElo "1927"]
[BlackElo "2005"]
[PlyCount "97"]
[EventDate "2018.09.02"]
[EventType "team-tourn"]
[EventRounds "12"]
[EventCountry "GER"]
[SourceTitle "EXT 2022"]
[Source "ChessBase"]
[SourceDate "2021.10.06"]
[SourceVersion "1"]
[SourceVersionDate "2021.10.06"]
[SourceQuality "1"]
[WhiteTeam "Eikamp ISVFB"]
[BlackTeam "Bergische SF"]
[WhiteTeamCountry "GER"]
[BlackTeamCountry "GER"]

1. d4 e6 2. c4 f5 3. Nf3 Nf6 4. g3 d5 5. cxd5 exd5 6. Bg2 Bd6 7. 0-0 Qe7 8. Nc3 c6 9. Bf4 Bxf4 10. gxf4 0-0 11. Ne5 Ne4 12. e3 Nd7 13. Rc1 Rf6 14. f3 Nxc3 15. Rxc3 Rh6 16. Qe1 Nf8 17. Qg3 Ng6 18. Qg5 Qf8 19. Rf2 Be6 20. Rb3 Rb8 21. Rc2 Nxe5 22. fxe5 Qe8 23. Kh1 Qd7 24. f4 Kh8 25. Bf3 Rg8 26. Rc1 Bf7 27. Rg1 Rg6 28. Qh4 Rxg1+ 29. Kxg1 h6 30. Kf2 Kh7 31. Ra3 a6 32. Rb3 Be6 33. Be2 Qf7 34. Rc3 g6 35. b4 Qf8 36. a3 Qf7 37. Rc1 Qf8 38. Rb1 Rg7 39. a4 Bd7 40. Bf3 Rf7 41. Rb2 Be6 42. Rb1 a5 43. bxa5 Qa3 44. Rg1 Qxa4 45. Qd8 Qb4 46. h4 Rf8 47. Qc7+ Rf7 48. Qd8 Rf8 49. Qc7+ 1/2-1/2

[Event "Mittelrhein Verbandsliga-N 17/18"]
[Site "Nordrheinwestfalen"]
[Date "2018.04.15"]
[Round "10.3"]
[White "Loetzerich, Rolf"]
[Black "Browning, Rebecca"]
[Result "1/2-1/2"]
[WhiteElo "1936"]
[BlackElo "1864"]
[PlyCount "70"]
[EventDate "2017.09.10"]
[EventType "team-swiss"]
[EventRounds "11"]
[EventCountry "GER"]
[SourceTitle "EXT 2022"]
[Source "ChessBase"]
[SourceDate "2021.10.06"]
[SourceVersion "1"]
[SourceVersionDate "2021.10.06"]
[SourceQuality "1"]
[WhiteTeam "Eikamp Freibauer"]
[BlackTeam "Porz SG IV"]
[WhiteTeamCountry "GER"]
[BlackTeamCountry "GER"]

1. d4 Nf6 2. Nf3 d5 3. c4 e6 4. Nc3 Be7 5. Bg5 0-0 6. e3 b6 7. cxd5 Nxd5 8. Bxe7 Nxe7 9. Bd3 h6 10. Qe2 Nbc6 11. a3 Bb7 12. 0-0 Ng6 13. Rfd1 Qe7 14. Rac1 e5 15. dxe5 Ncxe5 16. Be4 Bxe4 17. Nxe4 Nxf3+ 18. gxf3 f5 19. Ng3 c5 20. f4 Rae8 21. Qh5 Nh4 22. Kf1 Kh7 23. Rd3 g6 24. Qd1 Rd8 25. Rcc3 Kh8 26. Rxd8 Rxd8 27. Rd3 Rxd3 28. Qxd3 Qb7 29. Qc3+ Kh7 30. Qf6 Qg2+ 31. Ke2 Qf3+ 32. Kd3 Qd1+ 33. Kc4 Qc2+ 34. Kb5 Qb3+ 35. Kc6 Nf3 1/2-1/2

[Event "GER-chT Betriebe"]
[Site "Berlin"]
[Date "2006.10.06"]
[Round "4.2"]
[White "Kettenburg, Stefan"]
[Black "Loetzerich, Rolf"]
[Result "1/2-1/2"]
[WhiteElo "1849"]
[BlackElo "2046"]
[PlyCount "82"]
[EventDate "2006.10.05"]
[EventType "team-tourn"]
[EventRounds "7"]
[EventCountry "GER"]
[SourceTitle "EXT 2020"]
[Source "ChessBase"]
[SourceDate "2019.10.17"]
[SourceVersion "1"]
[SourceVersionDate "2019.10.17"]
[SourceQuality "1"]
[WhiteTeam "BA Tempelhof"]
[BlackTeam "Duesseldorf Provinzial"]
[WhiteTeamCountry "GER"]
[BlackTeamCountry "GER"]

1. d4 d5 2. Nf3 Nf6 3. c4 c6 4. Nc3 dxc4 5. a4 Bf5 6. e3 e6 7. Bxc4 Bb4 8. 0-0 0-0 9. Qe2 Bg6 10. Rd1 Nbd7 11. Ne5 Qa5 12. Nxg6 hxg6 13. Bd2 Rad8 14. Rac1 Nb6 15. Bb3 Rfe8 16. Be1 e5 17. dxe5 Qxe5 18. Rxd8 Rxd8 19. Rd1 Qe7 20. Qc2 Kf8 21. Rxd8+ Qxd8 22. Qd2 Qxd2 23. Bxd2 Nfd7 24. Bc2 Nc4 25. Bc1 a5 26. Ne4 b5 27. Kf1 f5 28. Ng5 Ke7 29. Nf3 Bc5 30. Ke2 Nce5 31. Bd2 Nxf3 32. Kxf3 b4 33. e4 Kf6 34. Bf4 Bd4 35. b3 Be5 36. Be3 c5 37. exf5 gxf5 38. h4 Ke6 39. Bd3 Bf6 40. Bf4 Be5 41. Bg5 Nf6 1/2-1/2

[Event "Cologne-ch 48th"]
[Site "Cologne"]
[Date "1999.??.??"]
[Round "1"]
[White "Tkatschuk, Sergej"]
[Black "Loetzerich, Rolf"]
[Result "1-0"]
[WhiteElo "2150"]
[BlackElo "2065"]
[PlyCount "57"]
[EventDate "1999.??.??"]
[EventType "swiss"]
[EventRounds "9"]
[EventCountry "GER"]
[SourceTitle "EXT 2003"]
[Source "ChessBase"]
[SourceDate "2002.11.25"]
[SourceVersion "1"]
[SourceVersionDate "2002.11.25"]
[SourceQuality "1"]

1. e4 c6 2. d4 d5 3. e5 Bf5 4. g4 Bg6 5. h4 h5 6. e6 Nf6 7. g5 Ne4 8. exf7+ Bxf7 9. Bd3 g6 10. Nd2 Nxd2 11. Bxd2 Bg7 12. c3 e5 13. dxe5 Bxe5 14. f4 Bc7 15. Qe2+ Qe7 16. 0-0-0 Qxe2 17. Nxe2 Nd7 18. Ng3 0-0-0 19. Rde1 Rde8 20. Rxe8+ Rxe8 21. Rg1 Kd8 22. f5 Ne5 23. Be2 Nc4 24. fxg6 Bxg6 25. Bxh5 Bxh5 26. Nxh5 Nxd2 27. Kxd2 Rh8 28. g6 Be5 29. Rg5 1-0

[Event "Eupen op"]
[Site "Eupen"]
[Date "1992.04.11"]
[Round "4"]
[White "Werbeck, Torsten"]
[Black "Loetzerich, Rolf"]
[Result "0-1"]
[WhiteElo "2265"]
[BlackElo "2030"]
[PlyCount "54"]
[EventDate "1992.04.11"]
[EventType "swiss"]
[EventRounds "7"]
[EventCountry "BEL"]
[SourceTitle "EXT 2006"]
[Source "ChessBase"]
[SourceDate "2005.11.24"]
[SourceVersion "1"]
[SourceVersionDate "2005.11.24"]
[SourceQuality "1"]

1. d4 d5 2. Nf3 Nf6 3. c4 c6 4. Nc3 dxc4 5. e4 b5 6. e5 Nd5 7. a4 e6 8. axb5 Nxc3 9. bxc3 cxb5 10. Ng5 Bb7 11. Qh5 g6 12. Qg4 Be7 13. h4 h5 14. Qg3 a5 15. Be2 Bd5 16. Bf3 Nc6 17. Nxe6 fxe6 18. Qxg6+ Kd7 19. Bxd5 exd5 20. Bg5 Qg8 21. Qb1 b4 22. f4 Rb8 23. 0-0 bxc3 24. Qd1 Bxg5 25. hxg5 Qg6 26. f5 Qxg5 27. Qf3 Rb5 0-1